006530000a2200121000450024500420000030000540004250000150009652002560011177300490036794200080041695200900042499900170051410aFormar para una cultura internacional aVol.0, núm.2 ( Mayo-Junio,2004) Páginas 16-17 aEntrevista aSalvador Malo, director general del Centro Nacional de Evaluación para la Educación Superior, Ceneval, de México, visitó a Colombia a mediados de mayo. Por su experiencia, es una voz autorizada para hablar de internacionalización y calidad.0 tEducación superior : Boletín informativo cANA 001040708HEMaFUSBCbFUSBCd2016-01-26l0o r2016-01-26 00:00:00w2016-01-26yANA c61163d61163